Electromechanics and MEMS / (Record no. 18867)
[ view plain ]
| 000 -LEADER | |
|---|---|
| fixed length control field | 02678cam a2200289 i 4500 |
| 001 - CONTROL NUMBER | |
| control field | 17324779 |
| 005 - DATE AND TIME OF LATEST TRANSACTION | |
| control field | 20150113145723.0 |
| 008 - FIXED-LENGTH DATA ELEMENTS--GENERAL INFORMATION | |
| fixed length control field | 120530s2013 xxka frb f001 0 eng d |
| 010 ## - LIBRARY OF CONGRESS CONTROL NUMBER | |
| LC control number | 2012021830 |
| 020 ## - INTERNATIONAL STANDARD BOOK NUMBER | |
| International Standard Book Number | 9780521764834 (hardback) |
| 040 ## - CATALOGING SOURCE | |
| Original cataloging agency | DLC |
| Language of cataloging | eng |
| Description conventions | rda |
| Transcribing agency | DLC |
| Modifying agency | DLC |
| -- | EG-ScBUE |
| 082 00 - DEWEY DECIMAL CLASSIFICATION NUMBER | |
| Classification number | 621.381 |
| Edition number | 22 |
| Item number | JON |
| 100 1# - MAIN ENTRY--PERSONAL NAME | |
| Personal name | Jones, T. B. |
| Fuller form of name | (Thomas Byron), |
| Dates associated with a name | 1944- |
| 9 (RLIN) | 37138 |
| 245 10 - TITLE STATEMENT | |
| Title | Electromechanics and MEMS / |
| Statement of responsibility, etc | Thomas B. Jones, Nenad G. Nenadic. |
| 260 ## - PUBLICATION, DISTRIBUTION, ETC. (IMPRINT) | |
| Place of publication, distribution, etc | Cambridge, United Kingdom ; |
| -- | New York, United States : |
| Name of publisher, distributor, etc | Cambridge University Press, |
| Date of publication, distribution, etc | 2013. |
| 300 ## - PHYSICAL DESCRIPTION | |
| Extent | xx, 559 p. : |
| Other physical details | ill. ; |
| Dimensions | 26 cm. |
| 500 ## - GENERAL NOTE | |
| General note | Includes appendixes. |
| 500 ## - GENERAL NOTE | |
| General note | Index : p. 552-559. |
| 504 ## - BIBLIOGRAPHY, ETC. NOTE | |
| Bibliography, etc | Includes bibliographical references. |
| 505 8# - FORMATTED CONTENTS NOTE | |
| Formatted contents note | Machine generated contents note : 1. Introduction ; 2. Circuit-based modeling ; 3. Capacitive lumped parameter electromechanics ; 4. Small-signal capacitive electromechanical systems ; 5. Electromechanics of piezoelectric elements ; 6. Capacitive sensing and resonant drive circuits ; 7. Distributed 1D and 2D electromechanical structures ; 8. Practical MEMS : pressure transducers, accelerometers and gyroscopes ; 9. Electromechanics of magnetic MEMS devices ; A. Review of quasistatic electromagnetics ; B. Review of mechanical resonators; C. Brief survey of MEMS fabrication ; D. A brief review of solid mechanics ; E. Tables of M- and N-form transducer matrics ; F. Finite element analysis as applied to MEMS. |
| 520 ## - SUMMARY, ETC. | |
| Summary, etc | "Offering a consistent, systematic approach to capacitive, piezoelectric and magnetic MEMS, from basic electromechanical transducers to high-level models for sensors and actuators, this comprehensive textbook equips graduate and senior-level undergraduate students with all the resources necessary to design and develop practical, system-level MEMS models. The concise yet thorough treatment of the underlying principles of electromechanical transduction provides a solid theoretical framework for this development, with each new topic related back to the core concepts. Repeated references to the shared commonalities of all MEMS encourage students to develop a systems-based design perspective. Extensive use is made of easy-to-interpret electrical and mechanical analogs, such as electrical circuits, electromechanical two-port models and the cascade paradigm. Each chapter features worked examples and numerous problems, all designed to test and extend students' understanding of the key principles" |
| 650 #0 - SUBJECT ADDED ENTRY--TOPICAL TERM | |
| Topical term or geographic name as entry element | Microelectromechanical systems |
| 9 (RLIN) | 27647 |
| 653 ## - INDEX TERM--UNCONTROLLED | |
| Resource For college | Engineering, Electrical |
| Arrived date list | January2015 |
| 655 ## - INDEX TERM--GENRE/FORM | |
| Form subdivision | |
| -- | 34232 |
| 700 1# - ADDED ENTRY--PERSONAL NAME | |
| Personal name | Nenadic, Nenad G. |
| 9 (RLIN) | 37139 |
| 942 ## - ADDED ENTRY ELEMENTS (KOHA) | |
| Source of classification or shelving scheme | Dewey Decimal Classification |
| Call number prefix | 621.381 JON |
| Withdrawn status | Item status | Source of classification or shelving scheme | Damaged status | Not for loan | Vendor | Home library | Current library | Shelving location | Date acquired | Source of acquisition | Cost, normal purchase price | Serial Enumeration / chronology | Total Checkouts | Total Renewals | Full call number | Barcode | Date last seen | Date last borrowed | Cost, replacement price | Koha item type |
|---|---|---|---|---|---|---|---|---|---|---|---|---|---|---|---|---|---|---|---|---|
| Dewey Decimal Classification | Baccah | Central Library | Central Library | First floor | 13/01/2015 | 525.00 | 21291 | 1 | 22 | 621.381 JON | 000037289 | 15/07/2025 | 19/10/2016 | 656.00 | Book - Borrowing |